000 00978nam a2200289 c 4500
003 BLK
005 20180422115445.0
008 180411b bul|||||r ||||||| ||bul||
010 _aKNG00195114000
040 _aBLK
041 _aBUL
_cBUL
080 _aТеория и техника на превода
_b82`25
_x
_z82`25
100 1 _aЛилова, Анна
_eпърви автор
_9384354
139 _aЛилова, Анна
_bЛ 58
245 1 0 _aУвод в общата теория на превода
_cАнна Лилова.
257 _aBGR
260 София
_bНар. култура
_c1981
300 _a343 с.
_c21 см
380 _a82
500 _a2 125 тир. - Библиогр. с. 315-326. - Именен показалец.
653 _aпревод
852 _aЦб 108458
856 4 _qpdf
_u
856 4 _qpdf
_u
942 _cKNG
_n0
944 _aCR
_c03.11.2016
_kНаталия_Любомирова
944 _aED
_c26.03.2018
_kВиолета_Тройчева
999 _c186120
_d186120